Statistiques concernant Focus sur: Bolg - Tolkien

Cliquez ici pour prendre le quiz!

Statistiques générales

  • Ce quiz a été pris 17 fois
  • Le résultat moyen est 6 sur 8

Statistiques - réponses

Informations recherchéesRéponses% Correct
Première apparitionLe Hobbit
100%
EspèceOrque
100%
Profession et titreRoi des gobelins de Gundabad
100%
Age durant lequel il vécutTroisième
100%
PèreAzog
88%
ContréeMontagnes de Brume
69%
MontMont Gundabad
63%
Acteur l'interprétant dans les filmsLawrence Makoare
13%

Distribution des résultats

Percentile par nombre de réponses

% des personnes avec chaque résultat

Votre développement - résultats

Vous n’avez pas pris ce quiz